Yleistieto #81 - Statistics

Yleistilastot
  • Tätä visaa on pelattu 278 kertaa
  • Keskiarvotulos 8 / 16
Vastaustilastot
Vinkki Vastaus % Oikein
Kenen hitti oli "Puhelinlangat laulaa" ? Katri Helenan
78%
Minkä alkuaineen kemiallinen merkki on Pb ? Lyijyn
77%
Mikä on Japanin Kansallisurheilulaji? Sumopaini
73%
Mistä Kiinan kaupungista koronaviruksen (CoVid-19) uskotaan levinneen maailmalle? Wuhan
71%
Mikä oli Saksan rahayksikkö ennen Euroa? Markka / Deutsch Mark
65%
Kuka on ohjannut elokuvan "Mies vailla menneisyyttä" ? Aki Kaurismäki
55%
Kenen hitti on "Tahdon Rakastella Sinua''? Pelle Miljoonan
55%
Mikä on Puolan suurin kaupunki Itämeren rannalla? Gdansk
54%
Mikä on Japanin suosituin urheilulaji? Baseball
50%
Mikä on Puolan rahayksikkö? zloty
41%
Missä Suomessa sijaitsee maailman suurin puukirkko? Kerimäellä
40%
Minkä mään kylpyläkulttuuria kutsutaan nimellä "jimjilbang" ? Etelä-Korea / Pohjois-Korea
38%
Mikä oli Kazakstanin pääkaupungin Nur-Sultanin edellinen nimi? Astana
26%
Minkä maan toiseksi suurin kaupunki on Arequipa? Peru
25%
Mistä elokuvasta Meryl Streep sai ensimmäisen Oscarinsa? Kramer vs. Kramer / Kramer vastaan Kramer
10%
Kenen kirjailijan kirjoissa rikoksia ratkaisee oikeuslääkäri Kay Scarpetta? Patricia Cornwellin
7%
Ehtoja vastaavia visoja ei löytynyt
Tulosjakauma
Jokaisen tuloksen saaneiden osuus
Persentiili vastausten määrän mukaan
Tuloshistoriasi
Et ole pelannut tätä visaa